000 00597nam a22002417a 4500
003 UA-OsUOA
001 36582
007 ta
008 20060203b un ||||| |||| 00| 0 ukr d
100 _aОріховський С.
090 _a821.124
_bО-63
942 _cBK
040 _aUA-OsUOA
_bukr
_cUA-OsUOA
_dUA-OsUOA
245 _aТвори
300 _a672 с.
955 _a3
041 _aukr
080 _a821.124
020 _a966-578-160-Х
260 _aК.
_bДніпро
_c2004
650 7 _a82 Література. Літературознавство
_2UDC
999 _c322816
_d322816